000 00749nam a2200205 a 4500
008 120125s2005 ||||||||||||||||| || u
020 _a9788131719893
050 _aHG 4028.C4 Sha
100 _aShapiro, Alan C
245 1 0 _aCapital budgeting and investment analysis
260 _aNew Delhi:
_bPearson Education, Inc
_c2005
300 _a258p.: ill.
350 _a0.00
650 0 _aFINANCE--DEVELOPING COUNTRIES
650 _aINVESTMENT ANALYSIS--ZAMBIA
650 _aCAPITAL INVESTMENTS--EVALUATION
650 _aCAPITAL BUDGET
650 _aCORPORATIONS--GROWTH
995 _D0.00
_FCBU-MAIN LIBRARY (Kitwe)
_H1
_I0.00
_M1
_UAVAILABLE
_WMar 5, 2012
_ZMain Library Open Access Collection
999 _c36702
_d36702